000
00321nam a2200133Ia 4500
008
150201s2008 xx 000 0 und d
082
_a
612
_b
R08C
100
_a
CLOUTIE,MITCHELLE M
245
_a
REPIRATORY PHYSIOLOGY
250
_a
1ST
260
_b
ELSEVIER
_a
DELHI
_c
2008
650
_a
HUMAN PHYSIOLOGY
942
_2
ddc
_c
BK
999
_c
1175
_d
1175